[Event "Kiev Spring op"]
[Site "Kiev"]
[Date "2021.07.10"]
[Round "1"]
[White "Samokysh, Yevhen"]
[Black "Palchuk, Andrii"]
[Result "0-1"]
[WhiteElo "1531"]
[BlackElo "2174"]
[PlyCount "96"]
[EventDate "2021.07.10"]
[EventType "swiss"]
[EventRounds "9"]
[EventCountry "UKR"]
[SourceTitle "EXT 2024"]
[Source "ChessBase"]
[SourceDate "2023.10.10"]
[SourceVersion "1"]
[SourceVersionDate "2023.10.10"]
[SourceQuality "1"]

1. d4 d5 2. c4 c6 3. cxd5 cxd5 4. Nc3 Nf6 5. Nf3 Nc6 6. Bf4 a6 7. e3 Bf5 8. Bd3 Bxd3 9. Qxd3 e6 10. 0-0 Bd6 11. Bxd6 Qxd6 12. Na4 0-0 13. Qe2 Nd7 14. Rfc1 f6 15. e4 dxe4 16. Qxe4 Rfe8 17. Nc5 Nxc5 18. dxc5 Qd5 19. Qxd5 exd5 20. Kf1 Rad8 21. Rd1 Re4 22. Rac1 Kf7 23. Rc3 Ke8 24. Rb3 Rd7 25. Rbd3 Nb4 26. Ra3 Rc4 27. Ra4 Nc6 28. Rxc4 dxc4 29. Re1+ Kf7 30. Rc1 Na5 31. Ke2 Ke6 32. Nd2 Kd5 33. b4 cxb3 34. axb3 Kc6 35. Rc3 Kb5 36. Nc4 Kb4 37. Rh3 Nxc4 38. bxc4 a5 39. c6 bxc6 40. Rxh7 a4 41. Rh8 a3 42. Rb8+ Kxc4 43. Ra8 Kb3 44. Rb8+ Kc2 45. Ra8 Kb2 46. Rb8+ Ka1 47. Ra8 a2 48. Rb8 Rd5 0-1